[Event "CZE Extraliga 2019-20"]
[Site "Czech Republic"]
[Date "2019.11.30"]
[Round "3.3"]
[White "Druska, Juraj"]
[Black "Kraus, Tomas"]
[Result "1/2-1/2"]
[WhiteElo "2472"]
[BlackElo "2473"]
[Annotator "RC"]
[PlyCount "99"]
[EventDate "2019.09.15"]
[EventType "team-tourn"]
[EventCountry "CZE"]
[SourceTitle "playchess.com"]
[Source "ChessBase"]
[SourceQuality "1"]
[WhiteTeam "Siesta Solution Unichess"]
[BlackTeam "Turnov"]
[TimeControl "40/5400+30:1800+30"]

1. e4 {[%emt 0:00:00]} e5 {[%emt 0:00:00]} 2. Nf3 {[%emt 0:00:00]} Nc6 {[%emt 0:00:00]} 3. Nc3 {[%emt 0:01:55]} Nf6 {[%emt 0:00:23]} 4. d4 {[%emt 0:00:06]} exd4 {[%emt 0:00:21]} 5. Nxd4 {[%emt 0:00:08]} Bb4 {[%emt 0:00:05]} 6. Nxc6 {[%emt 0:00:09]} bxc6 {[%emt 0:00:05]} 7. Bd3 {[%emt 0:00:05]} d5 {[%emt 0:01:04]} 8. exd5 {[%emt 0:00:08]} Qe7+ {[%emt 0:00:25]} 9. Qe2 {[%emt 0:00:07]} Qxe2+ {[%emt 0:00:07]} 10. Kxe2 {[%emt 0:00:04]} Nxd5 {[%emt 0:00:10]} 11. Nxd5 {[%emt 0:22:43]} cxd5 {[%emt 0:00:47]} 12. Bb5+ {[%emt 0:00:14]} Bd7 {[%emt 0:01:15]} 13. Bxd7+ {[%emt 0:01:23]} Kxd7 {[%emt 0:00:05]} 14. Rd1 {[%emt 0:00:05]} Kc6 {[%emt 0:03:38]} 15. Be3 {[%emt 0:03:17]} Rhe8 {[%emt 0:03:15]} 16. c4 {[%emt 0:29:33]} dxc4 {[%emt 0:00:58]} 17. Rac1 {[%emt 0:04:31]} c3 {[%emt 0:27:10]} 18. a3 {[%emt 0:01:19]} Bd6 {[%emt 0:00:22]} 19. Rxc3+ {[%emt 0:00:12]} Kd7 {[%emt 0:00:43]} 20. Rd5 {[%emt 0:07:50]} Re5 {[%emt 0:02:13]} 21. Rxe5 {[%emt 0:04:43]} Bxe5 {[%emt 0:00:07]} 22. Rd3+ {[%emt 0:06:39]} Kc6 {[%emt 0:07:23]} 23. Bd4 {[%emt 0:00:20]} Bxd4 {[%emt 0:02:09]} 24. Rxd4 {[%emt 0:00:05]} Re8+ {[%emt 0:01:56]} 25. Kd3 {[%emt 0:00:07]} Re5 {[%emt 0:11:13]} 26. Rc4+ {[%emt 0:00:58]} Kd6 {[%emt 0:03:41]} 27. Rd4+ {[%emt 0:03:02]} Kc6 {[%emt 0:01:08]} 28. Rf4 {[%emt 0:01:04]} f6 {[%emt 0:05:01]} 29. Re4 {[%emt 0:01:03]} Rd5+ {[%emt 0:01:55]} 30. Kc3 {[%emt 0:00:27]} Rg5 {[%emt 0:11:13]} 31. g4 {[%emt 0:00:39]} h5 {[%emt 0:01:05]} 32. h3 {[%emt 0:00:31]} hxg4 {[%emt 0:00:59]} 33. hxg4 {[%emt 0:00:22]} f5 {[%emt 0:01:50]} 34. Rc4+ {[%emt 0:01:04]} Kb6 {[%emt 0:00:33]} 35. f3 {[%emt 0:01:36]} fxg4 {[%emt 0:01:57]} 36. fxg4 {[%emt 0:00:05]} a5 {[%emt 0:03:55]} 37. Kd3 {[%emt 0:01:03]} Rb5 {[%emt 0:03:10]} 38. Kc3 {[%emt 0:00:48]} Re5 {[%emt 0:02:13]} 39. Rf4 {[%emt 0:05:41]} Re3+ {[%emt 0:03:03]} 40. Kc4 {[%emt 0:00:08]} Rg3 {[%emt 0:01:11]} 41. a4 {[%emt 0:10:53]} Rg1 {[%emt 0:06:11]} 42. b4 {[%emt 0:01:12]} Rc1+ {[%emt 0:07:48]} 43. Kd5 {[%emt 0:04:29]} axb4 {[%emt 0:05:19]} 44. Rxb4+ {[%emt 0:00:11]} Ka5 {[%emt 0:00:11]} 45. Re4 {[%emt 0:00:49]} g5 {[%emt 0:01:22]} 46. Ke6 {[%emt 0:12:50]} Rf1 {[%emt 0:01:14]} 47. Ke5 {[%emt 0:03:55]} Ra1 {[%emt 0:01:38]} 48. Rc4 {[%emt 0:01:38]} Rxa4 {[%emt 0:00:19]} 49. Rxc7 {[%emt 0:00:05]} Rxg4 {[%emt 0:00:04]} 50. Rg7 {[%emt 0:00:06]} 1/2-1/2

[Event "CZE Extraliga 2019-20"]
[Site "Czech Republic"]
[Date "2019.11.30"]
[Round "3.3"]
[White "Carlsson, Pontus"]
[Black "Shevchenko, Kirill"]
[Result "1-0"]
[WhiteElo "2447"]
[BlackElo "2541"]
[Annotator "ChessBase"]
[PlyCount "93"]
[EventDate "2019.09.15"]
[EventType "team-tourn"]
[EventCountry "CZE"]
[SourceTitle "playchess.com"]
[Source "ChessBase"]
[SourceQuality "1"]
[WhiteTeam "Praha"]
[BlackTeam "Pardubice"]
[TimeControl "40/5400+30:1800+30"]

1. e4 {[%emt 0:05:54]} c5 {[%emt 0:00:00]} 2. Nf3 {[%emt 0:00:35]} d6 {[%emt 0:00:00]} 3. Bb5+ {[%emt 0:14:58]} Nd7 {[%emt 0:00:27]} 4. d4 {[%emt 0:00:10]} cxd4 {[%emt 0:00:11]} 5. Qxd4 {[%emt 0:00:06]} a6 {[%emt 0:00:25]} 6. Bxd7+ {[%emt 0:00:31]} Bxd7 {[%emt 0:00:07]} 7. Nc3 {[%emt 0:00:48]} Rc8 {[%emt 0:02:35]} 8. O-O {[%emt 0:00:56]} e5 {[%emt 0:05:26]} 9. Qd3 {[%emt 0:00:06]} h6 {[%emt 0:01:22]} 10. Nd2 {[%emt 0:00:06]} Be6 {[%emt 0:08:20]} 11. Rd1 {[%emt 0:00:47]} Nf6 {[%emt 0:02:01]} 12. Nf1 {[%emt 0:02:31]} Qc7 {[%emt 0:26:08]} 13. Ne3 {[%emt 0:01:53]} Be7 {[%emt 0:00:23]} 14. Bd2 {[%emt 0:04:44]} Qc5 {[%emt 0:03:46]} 15. Kh1 {[%emt 0:17:36]} O-O {[%emt 0:05:28]} 16. f3 {[%emt 0:07:22]} b5 {[%emt 0:11:36]} 17. a4 {[%emt 0:06:51]} b4 {[%emt 0:09:23]} 18. Ncd5 {[%emt 0:00:31]} Nxd5 {[%emt 0:00:30]} 19. exd5 {[%emt 0:00:14]} Bd7 {[%emt 0:00:02]} 20. b3 {[%emt 0:06:33]} Bg5 {[%emt 0:11:14]} 21. Nc4 {[%emt 0:00:51]} f5 {[%emt 0:01:56]} 22. Bxg5 {[%emt 0:17:26]} hxg5 {[%emt 0:00:03]} 23. Qf1 {[%emt 0:01:40]} f4 {[%emt 0:01:21]} 24. Qg1 {[%emt 0:00:32]} Qxg1+ {[%emt 0:04:20]} 25. Kxg1 {[%emt 0:00:07]} Rxc4 {[%emt 0:00:08]} 26. bxc4 {[%emt 0:00:09]} Rc8 {[%emt 0:00:02]} 27. a5 {[%emt 0:02:48]} Rxc4 {[%emt 0:00:06]} 28. Rdb1 {[%emt 0:02:07]} g4 {[%emt 0:03:33]} 29. fxg4 {[%emt 0:03:33]} e4 {[%emt 0:01:41]} 30. h3 {[%emt 0:01:05]} Bb5 {[%emt 0:01:39]} 31. Rb2 {[%emt 0:00:23]} e3 {[%emt 0:00:41]} 32. Rab1 {[%emt 0:00:55]} g5 {[%emt 0:00:04]} 33. h4 {[%emt 0:00:29]} gxh4 {[%emt 0:00:38]} 34. Rxb4 {[%emt 0:01:00]} h3 {[%emt 0:00:01]} 35. Rxc4 {[%emt 0:00:38]} Bxc4 {[%emt 0:00:00]} 36. Rd1 {[%emt 0:00:32]} hxg2 {[%emt 0:00:58]} 37. Kxg2 {[%emt 0:00:21]} Be2 {[%emt 0:00:33]} 38. Rf1 {[%emt 0:00:40]} Bxf1+ {[%emt 0:00:18]} 39. Kxf1 {[%emt 0:00:01]} f3 {[%emt 0:01:18]} 40. c4 {[%emt 0:00:15]} f2 {[%emt 0:00:44]} 41. g5 {[%emt 0:14:12]} Kf7 {[%emt 0:01:52]} 42. c5 {[%emt 0:07:23]} dxc5 {[%emt 0:01:00]} 43. d6 {[%emt 0:00:23]} c4 {[%emt 0:01:39]} 44. d7 {[%emt 0:08:07]} Ke7 {[%emt 0:00:05]} 45. g6 {[%emt 0:00:12]} c3 {[%emt 0:00:32]} 46. g7 {[%emt 0:00:55]} c2 {[%emt 0:00:03]} 47. d8=Q+ {[%emt 0:00:11]} 1-0

[Event "CZE Extraliga 2019-20"]
[Site "Czech Republic"]
[Date "2019.11.30"]
[Round "3.4"]
[White "Heberla, Bartlomiej"]
[Black "Oral, Tomas"]
[Result "1-0"]
[WhiteElo "2544"]
[BlackElo "2509"]
[Annotator "ChessBase"]
[PlyCount "81"]
[EventDate "2019.09.15"]
[EventType "team-tourn"]
[EventCountry "CZE"]
[SourceTitle "playchess.com"]
[Source "ChessBase"]
[SourceQuality "1"]
[WhiteTeam "Brno"]
[BlackTeam "Lysa nad Labem"]
[TimeControl "40/5400+30:1800+30"]

1. e4 {[%emt 0:00:00]} c5 {[%emt 0:00:00]} 2. Nf3 {[%emt 0:00:00]} Nc6 {[%emt 0:00:00]} 3. Nc3 {[%emt 0:00:00]} e6 {[%emt 0:00:04]} 4. d4 {[%emt 0:00:00]} cxd4 {[%emt 0:00:06]} 5. Nxd4 {[%emt 0:00:00]} Qc7 {[%emt 0:00:09]} 6. f4 {[%emt 0:00:00]} a6 {[%emt 0:01:32]} 7. Nxc6 {[%emt 0:00:07]} bxc6 {[%emt 0:00:49]} 8. e5 {[%emt 0:00:11]} d5 {[%emt 0:05:14]} 9. exd6 {[%emt 0:00:07]} Bxd6 {[%emt 0:00:57]} 10. Ne4 {[%emt 0:00:03]} Be7 {[%emt 0:12:51]} 11. Bd3 {[%emt 0:00:27]} Nf6 {[%emt 0:02:44]} 12. O-O {[%emt 0:00:09]} Bb7 {[%emt 0:16:16]} 13. Ng5 {[%emt 0:02:29]} h6 {[%emt 0:03:17]} 14. Nf3 {[%emt 0:00:16]} O-O {[%emt 0:00:32]} 15. Qe2 {[%emt 0:03:47]} c5 {[%emt 0:01:51]} 16. Ne5 {[%emt 0:08:20]} Nd5 {[%emt 0:07:43]} 17. a3 {[%emt 0:17:23]} Bf6 {[%emt 0:15:32]} 18. Bd2 {[%emt 0:01:41]} Ne7 {[%emt 0:01:07]} 19. Rae1 {[%emt 0:13:13]} Nf5 {[%emt 0:01:40]} 20. Nc4 {[%emt 0:05:45]} Bd5 {[%emt 0:08:34]} 21. b3 {[%emt 0:09:49]} Qb7 {[%emt 0:07:44]} 22. Qg4 {[%emt 0:05:12]} Rad8 {[%emt 0:02:37]} 23. Ba5 {[%emt 0:02:53]} Bxc4 {[%emt 0:01:34]} 24. Bxc4 {[%emt 0:15:11]} Bd4+ {[%emt 0:00:24]} 25. Kh1 {[%emt 0:00:07]} Ne3 {[%emt 0:00:24]} 26. Rxe3 {[%emt 0:03:53]} Bxe3 {[%emt 0:00:04]} 27. Bxd8 {[%emt 0:00:08]} Rxd8 {[%emt 0:00:02]} 28. f5 {[%emt 0:00:08]} exf5 {[%emt 0:02:04]} 29. Qxf5 {[%emt 0:02:42]} Rf8 {[%emt 0:06:38]} 30. Qe5 {[%emt 0:04:59]} Bd4 {[%emt 0:00:57]} 31. Rxf7 {[%emt 0:00:14]} Bxe5 {[%emt 0:01:16]} 32. Rxb7+ {[%emt 0:00:07]} Kh8 {[%emt 0:00:35]} 33. Bxa6 {[%emt 0:00:52]} Ra8 {[%emt 0:00:36]} 34. Rb6 {[%emt 0:00:14]} Rd8 {[%emt 0:00:28]} 35. Bd3 {[%emt 0:00:45]} c4 {[%emt 0:00:20]} 36. bxc4 {[%emt 0:00:12]} Ra8 {[%emt 0:00:46]} 37. Rb5 {[%emt 0:02:17]} Rxa3 {[%emt 0:00:25]} 38. g3 {[%emt 0:00:14]} Bc7 {[%emt 0:00:33]} 39. Rb7 {[%emt 0:00:09]} Bd6 {[%emt 0:00:30]} 40. c5 {[%emt 0:00:22]} Bf8 {[%emt 0:00:31]} 41. Rb8 {[%emt 0:30:16]} 1-0

[Event "CZE Extraliga 2019-20"]
[Site "Czech Republic"]
[Date "2019.11.30"]
[Round "3.4"]
[White "Votava, Jan"]
[Black "Miesbauer, Jan"]
[Result "1-0"]
[WhiteElo "2521"]
[BlackElo "2397"]
[Annotator "TA"]
[PlyCount "93"]
[EventDate "2019.09.15"]
[EventType "team-tourn"]
[EventCountry "CZE"]
[SourceTitle "playchess.com"]
[Source "ChessBase"]
[SourceQuality "1"]
[WhiteTeam "Pardubice"]
[BlackTeam "Praha"]

{[%evp 15,93,22,29,8,41,47,42,39,43,35,80,31,47,54,69,0,30,11,21,25,16,15,19,0,0,0,0,0,15,0,7,0,8,8,25,21,25,26,23,33,30,39,52,47,97,96,101,89,98,99,93,92,99,72,91,87,98,100,104,100,119,116,135,131,124,112,114,108,116,121,131,149,153,148,193,200,277,268,353,352]} 1. d4 Nf6 2. c4 g6 3. Nc3 Bg7 4. e4 d6 5. f3 O-O 6. Be3 c6 7. Nge2 a6 8. Qd2 b5 9. Ng3 {E81: King's Indian: Sämisch: 6th move deviations (including 6 Be3 c6)} (9. c5 a5 10. cxd6 exd6 11. Nf4 Re8 12. Be2 Nbd7 13. O-O Ba6 14. Rfe1 b4 15. Na4 Bxe2 16. Rxe2 Qb8 {1-0 (34) Laznicka,V (2679)-Anton Guijarro,D (2631) Dubai 2014}) 9... bxc4 10. Bxc4 d5 11. Bb3 {White is slightly better.} dxe4 $146 ({Predecessor:} 11... Bb7 12. e5 Nfd7 13. Bh6 e6 14. Bc2 f6 15. Bxg7 Kxg7 16. f4 c5 17. dxc5 fxe5 18. fxe5 {1-0 (63) Uwira,O (2249)-Bernhardt,M (2062) Frankfurt 2013}) 12. Ngxe4 a5 13. O-O Nbd7 14. Rac1 Nb6 {[#] And now ...a4 would win.} 15. Na4 ({Better is} 15. Nc5 $1 $14) 15... Nfd5 16. Bh6 Ba6 17. Bxg7 Kxg7 18. Nxb6 Nxb6 19. Rfe1 (19. Rxc6 Bxf1 20. Kxf1 a4 $17) 19... a4 20. Bc2 Bc4 21. a3 Bd5 22. Nc5 Qd6 23. Bd3 Ra7 24. Qb4 $36 {[%mdl 2048] White is more active.} Nd7 25. Na6 $1 Qf6 26. Qxe7 Qxd4+ 27. Qe3 Qxe3+ 28. Rxe3 Rc8 29. Nb4 Nf6 30. Bb5 Rcc7 31. Rec3 ({But not} 31. Nxc6 $6 Ra5 $11) 31... Ra5 32. Bxc6 Bxc6 33. Rxc6 Rd7 34. R6c2 Re5 35. Kf2 h5 36. Re1 Rb5 37. Ree2 Nd5 38. Rcd2 Nb6 39. Rxd7 Nxd7 $16 {[%mdl 4096] Endgame KRN-KRN} 40. Re7 Ne5 41. Ra7 Nc4 42. Rc7 Na5 43. Nd3 Nb3 44. Ke3 Ra5 45. f4 Rf5 46. Ra7 Nc5 {intending ...Nxd3.} 47. Ra5 {Accuracy: White = 75%, Black = 41%.} 1-0

[Event "CZE Extraliga 2019-20"]
[Site "Czech Republic"]
[Date "2019.11.30"]
[Round "3.4"]
[White "Cvek, Robert"]
[Black "Mazur, Stefan"]
[Result "1/2-1/2"]
[WhiteElo "2517"]
[BlackElo "2445"]
[Annotator "ChessBase"]
[PlyCount "67"]
[EventDate "2019.09.15"]
[EventType "team-tourn"]
[EventCountry "CZE"]
[SourceTitle "playchess.com"]
[Source "ChessBase"]
[SourceQuality "1"]
[WhiteTeam "Poruba"]
[BlackTeam "Kromeriz"]
[TimeControl "40/5400+30:1800+30"]

1. Nf3 {[%emt 0:00:00]} Nf6 {[%emt 0:00:00]} 2. g3 {[%emt 0:01:48]} g6 {[%emt 0:00:00]} 3. Bg2 {[%emt 0:03:47]} Bg7 {[%emt 0:00:17]} 4. O-O {[%emt 0:00:09]} O-O {[%emt 0:00:16]} 5. d4 {[%emt 0:00:06]} d6 {[%emt 0:00:13]} 6. b3 {[%emt 0:00:46]} b6 {[%emt 0:02:15]} 7. Bb2 {[%emt 0:00:39]} Bb7 {[%emt 0:00:48]} 8. Nbd2 {[%emt 0:03:36]} c5 {[%emt 0:03:41]} 9. c4 {[%emt 0:01:53]} cxd4 {[%emt 0:03:47]} 10. Bxd4 {[%emt 0:00:06]} Nc6 {[%emt 0:01:36]} 11. Bb2 {[%emt 0:00:33]} d5 {[%emt 0:07:05]} 12. Rc1 {[%emt 0:18:35]} Rc8 {[%emt 0:01:53]} 13. Ne5 {[%emt 0:06:32]} Nxe5 {[%emt 0:05:59]} 14. Bxe5 {[%emt 0:01:27]} Qd7 {[%emt 0:01:18]} 15. cxd5 {[%emt 0:18:53]} Rxc1 {[%emt 0:05:40]} 16. Qxc1 {[%emt 0:02:14]} Rc8 {[%emt 0:00:22]} 17. Qb2 {[%emt 0:02:10]} Bxd5 {[%emt 0:00:44]} 18. Bxd5 {[%emt 0:00:26]} Qxd5 {[%emt 0:00:06]} 19. Nc4 {[%emt 0:00:33]} Nh5 {[%emt 0:09:57]} 20. Bxg7 {[%emt 0:00:08]} Nxg7 {[%emt 0:00:06]} 21. Ne3 {[%emt 0:00:12]} Qe4 {[%emt 0:15:10]} 22. Rd1 {[%emt 0:02:35]} h5 {[%emt 0:07:10]} 23. Rd4 {[%emt 0:11:25]} Rc1+ {[%emt 0:05:00]} 24. Qxc1 {[%emt 0:00:06]} Qxd4 {[%emt 0:00:04]} 25. Qc8+ {[%emt 0:00:29]} Kh7 {[%emt 0:00:09]} 26. Qf8 {[%emt 0:03:46]} Qa1+ {[%emt 0:04:11]} 27. Kg2 {[%emt 0:01:04]} Qxa2 {[%emt 0:01:01]} 28. Qxf7 {[%emt 0:00:06]} Qxe2 {[%emt 0:01:14]} 29. Qxe7 {[%emt 0:00:04]} Qd3 {[%emt 0:01:25]} 30. Qxa7 {[%emt 0:04:11]} Qe4+ {[%emt 0:03:55]} 31. Kg1 {[%emt 0:00:05]} Qb1+ {[%emt 0:00:12]} 32. Kg2 {[%emt 0:00:05]} Qe4+ {[%emt 0:01:24]} 33. Kg1 {[%emt 0:01:09]} Qb1+ {[%emt 0:00:25]} 34. Kg2 {[%emt 0:11:43]} 1/2-1/2

[Event "CZE Extraliga 2019-20"]
[Site "Czech Republic"]
[Date "2019.11.30"]
[Round "3.4"]
[White "Vykouk, Jan"]
[Black "Bernasek, Jan"]
[Result "1/2-1/2"]
[WhiteElo "2477"]
[BlackElo "2490"]
[Annotator "ChessBase"]
[PlyCount "110"]
[EventDate "2019.09.15"]
[EventType "team-tourn"]
[EventCountry "CZE"]
[SourceTitle "playchess.com"]
[Source "ChessBase"]
[SourceQuality "1"]
[WhiteTeam "Turnov"]
[BlackTeam "Siesta Solution Unichess"]
[TimeControl "40/5400+30:1800+30"]

1. e4 {[%emt 0:00:00]} g6 {[%emt 0:00:00]} 2. d4 {[%emt 0:00:00]} Bg7 {[%emt 0:00:00]} 3. Nc3 {[%emt 0:00:00]} d6 {[%emt 0:00:08]} 4. Be3 {[%emt 0:00:00]} a6 {[%emt 0:00:47]} 5. Qd2 {[%emt 0:00:00]} b5 {[%emt 0:00:08]} 6. h4 {[%emt 0:00:12]} Nf6 {[%emt 0:01:28]} 7. f3 {[%emt 0:00:07]} h5 {[%emt 0:00:14]} 8. O-O-O {[%emt 0:00:08]} c6 {[%emt 0:01:33]} 9. Kb1 {[%emt 0:00:57]} Nbd7 {[%emt 0:01:18]} 10. e5 {[%emt 0:00:58]} Nd5 {[%emt 0:04:05]} 11. exd6 {[%emt 0:02:08]} Nxe3 {[%emt 0:18:30]} 12. Qxe3 {[%emt 0:00:06]} Nf6 {[%emt 0:00:32]} 13. dxe7 {[%emt 0:00:18]} Qxe7 {[%emt 0:00:10]} 14. Qxe7+ {[%emt 0:00:35]} Kxe7 {[%emt 0:00:05]} 15. Bd3 {[%emt 0:00:17]} Rd8 {[%emt 0:03:07]} 16. Nge2 {[%emt 0:00:41]} Kf8 {[%emt 0:01:26]} 17. Be4 {[%emt 0:13:34]} Rd6 {[%emt 0:03:50]} 18. a3 {[%emt 0:03:06]} Be6 {[%emt 0:07:06]} 19. Bd3 {[%emt 0:05:25]} Rad8 {[%emt 0:05:50]} 20. Nf4 {[%emt 0:02:07]} Bc8 {[%emt 0:06:15]} 21. Nce2 {[%emt 0:00:11]} Bh6 {[%emt 0:02:59]} 22. c3 {[%emt 0:02:21]} Re8 {[%emt 0:03:00]} 23. Rhe1 {[%emt 0:06:09]} Rd7 {[%emt 0:03:34]} 24. Rf1 {[%emt 0:07:30]} Kg7 {[%emt 0:04:27]} 25. g3 {[%emt 0:24:48]} Rde7 {[%emt 0:04:18]} 26. Rf2 {[%emt 0:00:26]} Re3 {[%emt 0:02:13]} 27. Ka1 {[%emt 0:01:36]} R3e7 {[%emt 0:12:10]} 28. Ng2 {[%emt 0:04:04]} Nd5 {[%emt 0:02:56]} 29. Ng1 {[%emt 0:04:35]} Ne3 {[%emt 0:05:11]} 30. Nxe3 {[%emt 0:00:40]} Bxe3 {[%emt 0:00:08]} 31. Rff1 {[%emt 0:03:36]} Be6 {[%emt 0:01:02]} 32. Rde1 {[%emt 0:05:10]} Bd5 {[%emt 0:01:20]} 33. Nh3 {[%emt 0:00:09]} f6 {[%emt 0:01:15]} 34. Re2 {[%emt 0:02:43]} Kh6 {[%emt 0:03:30]} 35. Kb1 {[%emt 0:01:06]} g5 {[%emt 0:00:55]} 36. hxg5+ {[%emt 0:01:29]} fxg5 {[%emt 0:00:00]} 37. Kc2 {[%emt 0:01:09]} c5 {[%emt 0:00:58]} 38. dxc5 {[%emt 0:01:03]} Bxc5 {[%emt 0:00:02]} 39. Rxe7 {[%emt 0:00:18]} Rxe7 {[%emt 0:00:02]} 40. Be4 {[%emt 0:03:36]} Bxe4+ {[%emt 0:02:29]} 41. fxe4 {[%emt 0:30:05]} Rxe4 {[%emt 0:30:09]} 42. Rf6+ {[%emt 0:00:39]} Kg7 {[%emt 0:00:12]} 43. Rf5 {[%emt 0:03:26]} Be7 {[%emt 0:00:00]} 44. Nxg5 {[%emt 0:00:00]} Re2+ {[%emt 0:00:00]} 45. Kd3 {[%emt 0:00:00]} Rxb2 {[%emt 0:00:00]} 46. Ne6+ {[%emt 0:00:00]} Kg6 {[%emt 0:00:00]} 47. Rd5 {[%emt 0:00:00]} Bxa3 {[%emt 0:00:00]} 48. Nf4+ {[%emt 0:00:00]} Kf7 {[%emt 0:00:00]} 49. Rxh5 {[%emt 0:00:00]} b4 {[%emt 0:00:00]} 50. cxb4 {[%emt 0:00:00]} Bxb4 {[%emt 0:00:00]} 51. Rh7+ {[%emt 0:00:00]} Kg8 {[%emt 0:00:00]} 52. Ra7 {[%emt 0:00:00]} Rb3+ {[%emt 0:00:00]} 53. Kc4 {[%emt 0:00:00]} Rxg3 {[%emt 0:00:00]} 54. Kxb4 {[%emt 0:00:00]} Rg4 {[%emt 0:00:00]} 55. Rxa6 {[%emt 0:00:00]} Rxf4+ {[%emt 0:00:00]} 1/2-1/2

[Event "CZE Extraliga 2019-20"]
[Site "Czech Republic"]
[Date "2019.11.30"]
[Round "3.4"]
[White "Rasik, Vitezslav"]
[Black "Zwardon, Vojtech"]
[Result "0-1"]
[WhiteElo "2470"]
[BlackElo "2471"]
[Annotator "ChessBase"]
[PlyCount "116"]
[EventDate "2019.09.15"]
[EventType "team-tourn"]
[EventCountry "CZE"]
[SourceTitle "playchess.com"]
[Source "ChessBase"]
[SourceQuality "1"]
[WhiteTeam "Ostrava"]
[BlackTeam "Frydek-Mistek"]
[TimeControl "40/5400+30:1800+30"]

1. e4 {[%emt 0:00:00]} c5 {[%emt 0:00:00]} 2. Nf3 {[%emt 0:00:00]} Nc6 {[%emt 0:00:00]} 3. Bb5 {[%emt 0:00:00]} g6 {[%emt 0:00:00]} 4. c3 {[%emt 0:00:16]} Nf6 {[%emt 0:03:51]} 5. e5 {[%emt 0:00:15]} Nd5 {[%emt 0:00:49]} 6. d4 cxd4 {[%emt 0:00:23]} 7. Qb3 {[%emt 0:00:19]} e6 {[%emt 0:09:38]} 8. Bg5 {[%emt 0:05:00]} Qa5 {[%emt 0:07:33]} 9. O-O {[%emt 0:10:36]} dxc3 {[%emt 0:01:23]} 10. Nxc3 {[%emt 0:19:36]} Nxc3 {[%emt 0:00:36]} 11. bxc3 {[%emt 0:01:24]} Bg7 {[%emt 0:00:13]} 12. Rfe1 {[%emt 0:13:40]} h6 {[%emt 0:00:55]} 13. Bc1 {[%emt 0:06:38]} O-O {[%emt 0:04:35]} 14. Ba3 {[%emt 0:03:34]} Rd8 {[%emt 0:00:34]} 15. Rad1 {[%emt 0:03:47]} d5 {[%emt 0:04:40]} 16. exd6 {[%emt 0:15:19]} Qxc3 {[%emt 0:00:39]} 17. Qxc3 {[%emt 0:05:16]} Bxc3 {[%emt 0:00:16]} 18. Re3 {[%emt 0:00:11]} Bg7 {[%emt 0:02:19]} 19. Bxc6 {[%emt 0:00:38]} bxc6 {[%emt 0:00:01]} 20. Ne5 {[%emt 0:03:08]} Bxe5 {[%emt 0:01:09]} 21. Rxe5 {[%emt 0:00:35]} Bd7 {[%emt 0:00:06]} 22. f4 {[%emt 0:04:12]} Rdb8 {[%emt 0:00:41]} 23. Kf2 {[%emt 0:00:32]} f6 {[%emt 0:01:03]} 24. Ra5 {[%emt 0:01:02]} a6 {[%emt 0:00:10]} 25. Rd4 {[%emt 0:01:29]} Rb6 {[%emt 0:04:42]} 26. Bc5 {[%emt 0:02:12]} Rb2+ {[%emt 0:00:16]} 27. Kf3 {[%emt 0:00:59]} e5 {[%emt 0:02:31]} 28. fxe5 {[%emt 0:01:42]} fxe5 {[%emt 0:00:14]} 29. Rb4 {[%emt 0:00:42]} Rf8+ {[%emt 0:03:59]} 30. Kg3 {[%emt 0:00:01]} Rc2 {[%emt 0:00:28]} 31. Be3 {[%emt 0:00:52]} Rf5 {[%emt 0:08:55]} 32. h4 {[%emt 0:00:28]} Kf7 {[%emt 0:00:35]} 33. Bxh6 {[%emt 0:00:48]} c5 {[%emt 0:08:14]} 34. Rb7 {[%emt 0:00:38]} Ke6 {[%emt 0:00:36]} 35. Be3 {[%emt 0:00:58]} c4 {[%emt 0:04:09]} 36. Bc5 {[%emt 0:00:37]} Rxg2+ {[%emt 0:05:37]} 37. Kxg2 {[%emt 0:00:13]} Bc6+ {[%emt 0:00:03]} 38. Kg1 {[%emt 0:00:47]} Bxb7 {[%emt 0:00:04]} 39. Ra3 {[%emt 0:00:16]} e4 {[%emt 0:00:25]} 40. Bd4 {[%emt 0:00:44]} Rd5 {[%emt 0:05:26]} 41. Be3 {[%emt 0:04:57]} Rxd6 {[%emt 0:03:42]} 42. Kf2 {[%emt 0:01:53]} Rd7 {[%emt 0:01:18]} 43. Ra5 {[%emt 0:02:12]} Rd3 {[%emt 0:04:25]} 44. Rg5 {[%emt 0:06:09]} Kf7 {[%emt 0:04:43]} 45. Rc5 {[%emt 0:01:14]} Bd5 {[%emt 0:00:38]} 46. Ra5 {[%emt 0:00:33]} Ke6 {[%emt 0:02:59]} 47. Rxa6+ {[%emt 0:01:28]} Kf5 {[%emt 0:01:06]} 48. Ra5 {[%emt 0:05:46]} Kg4 {[%emt 0:00:41]} 49. Ra6 {[%emt 0:03:56]} Kh5 {[%emt 0:00:40]} 50. Bg5 {[%emt 0:02:12]} Rf3+ {[%emt 0:02:22]} 51. Ke1 {[%emt 0:02:02]} c3 {[%emt 0:00:51]} 52. Kd1 {[%emt 0:02:32]} Bc4 {[%emt 0:04:35]} 53. Rf6 {[%emt 0:00:02]} Bxa2 {[%emt 0:02:39]} 54. Rxf3 {[%emt 0:00:16]} exf3 {[%emt 0:00:13]} 55. Ke1 {[%emt 0:00:04]} Kg4 {[%emt 0:00:28]} 56. Kf2 {[%emt 0:00:04]} Bd5 {[%emt 0:00:36]} 57. Bf6 {[%emt 0:02:22]} c2 {[%emt 0:00:03]} 58. Bg5 {[%emt 0:00:02]} Ba8 {[%emt 0:00:04]} 0-1

[Event "CZE Extraliga 2019-20"]
[Site "Czech Republic"]
[Date "2019.12.02"]
[Round "3.4"]
[White "Roubalik, Jakub"]
[Black "Bartel, Mateusz"]
[Result "1/2-1/2"]
[WhiteElo "2410"]
[BlackElo "2636"]
[Annotator "ChessBase"]
[PlyCount "54"]
[EventDate "2019.09.15"]
[EventType "team-tourn"]
[EventCountry "CZE"]
[SourceTitle "playchess.com"]
[Source "ChessBase"]
[SourceQuality "1"]
[WhiteTeam "Duras"]
[BlackTeam "Novoborsky"]
[WhiteTeamCountry "CZE"]
[BlackTeamCountry "POL"]
[TimeControl "40/5400+30:1800+30"]

1. d4 {[%emt 0:00:00]} Nf6 {[%emt 0:00:11]} 2. c4 {[%emt 0:00:00]} e6 {[%emt 0:00:08]} 3. Nc3 {[%emt 0:00:00]} Bb4 {[%emt 0:00:07]} 4. e3 {[%emt 0:00:07]} O-O {[%emt 0:00:06]} 5. Nf3 {[%emt 0:00:14]} c5 {[%emt 0:06:31]} 6. Bd3 {[%emt 0:01:04]} b6 {[%emt 0:01:12]} 7. O-O {[%emt 0:00:52]} Bb7 {[%emt 0:01:32]} 8. a3 {[%emt 0:02:43]} Bxc3 {[%emt 0:02:41]} 9. bxc3 {[%emt 0:00:03]} Be4 {[%emt 0:00:55]} 10. Be2 {[%emt 0:02:20]} Nc6 {[%emt 0:02:01]} 11. Nd2 {[%emt 0:08:08]} Bg6 {[%emt 0:00:04]} 12. Bb2 {[%emt 0:00:52]} Rc8 {[%emt 0:05:13]} 13. Rc1 {[%emt 0:04:55]} Na5 {[%emt 0:06:36]} 14. Re1 {[%emt 0:04:44]} Ne4 {[%emt 0:05:46]} 15. Nf1 {[%emt 0:28:27]} Nd6 {[%emt 0:27:30]} 16. Nd2 {[%emt 0:01:08]} Be4 {[%emt 0:01:17]} 17. Nxe4 {[%emt 0:02:54]} Nxe4 {[%emt 0:00:04]} 18. Bd3 {[%emt 0:00:23]} Nd6 {[%emt 0:02:35]} 19. Qe2 {[%emt 0:00:35]} Qe7 {[%emt 0:00:36]} 20. e4 {[%emt 0:03:49]} e5 {[%emt 0:00:00]} 21. f4 {[%emt 0:03:01]} f6 {[%emt 0:00:00]} 22. dxe5 {[%emt 0:03:48]} fxe5 {[%emt 0:00:00]} 23. f5 {[%emt 0:00:12]} Qf7 {[%emt 0:00:30]} 24. Rcd1 {[%emt 0:00:08]} Naxc4 {[%emt 0:00:31]} 25. Bc1 {[%emt 0:01:27]} b5 {[%emt 0:00:03]} 26. Rf1 {[%emt 0:11:29]} a6 {[%emt 0:03:26]} 27. g4 {[%emt 0:00:10]} Nb6 {[%emt 0:04:47]} 1/2-1/2